000 00246nam a22001217a 4500
008 170714b xxu||||| |||| 00| 0 eng d
041 _aeng
080 _a17
100 _a24
101 _aFIL
245 _aETHICS
_cPEPPER, S.C
942 _2udc
_cBK
999 _c20892
_d20892